Evénements du 9 janvier - Statistiques

Statistiques générales
  • Ce quiz a été pris 37 fois
  • Le résultat moyen est 8 sur 15
Statistiques - réponses
Hint Réponse % Correct
Steve Jobs présente à San Francisco en Californie le tout premier iPhone 2007
94%
Début du procès de Jeanne d'Arc 1431
74%
Le Connecticut devient le 5e état américain 1788
74%
Double prise d'orages à Paris et Dammartin-en-Goële 2015
68%
Election du pape Adrien VI 1522
61%
Mort de Napoléon III 1873
58%
Naissance de Lara Fabian 1970
58%
Funéraille de l'amiral Nelson 1806
52%
Naissance de Richard Nixon 1913
52%
Massacre des Juifs de Bâle accusés d'avoir propagé la peste 1349
48%
Naissance de Simone de Beauvoir 1908
48%
Naissance de Lee Van Cleef, acteur 1925
32%
1ère de l'émission Cinq colonnes à la Une 1959
32%
Humbert 1er devient roi d'Italie 1878
23%
Début des travaux du barrage d'Assouan sur le Nil 1960
16%
Aucun quiz correspondant
Distribution des résultats
% des personnes avec chaque résultat
Percentile par nombre de réponses
Votre historique - résultats
Vous n’avez pas pris ce quiz